000 00515nam a2200193Ia 4500
003 OSt
005 20250417152834.0
008 220927b |||||||| |||| 00| 0 eng d
040 _aSDCL
_cSDCL
_beng
041 _2eng
_aeng
084 _aO-,3MUR Q9 LR
100 _aMurmu, Steffy teresa
_9404578
245 0 _aHor Hopon :
_bThe origin myth of santhals
260 _aNew Delhi :
_c2019.
300 _a21p.
650 _aGift
_9391569
942 _cGB
_2CC
_n0
999 _c720305
_d720305